| 000 | 01097cam a2200337 i 4500 | ||
|---|---|---|---|
| 003 | EG-GICUC | ||
| 005 | 20260225103213.0 | ||
| 008 | 981215s1998 nyu fr 000 0 eng d | ||
| 020 | _a1578230128 | ||
| 020 | _a9781578230129 | ||
| 040 |
_aDLC _cDLC _dDLC _dEG-GICUC _erda |
||
| 050 | 0 | 0 |
_aK2400 _b.S63 1998 |
| 082 | 0 | 0 |
_a347.224 _221 |
| 092 | 0 | 4 | _221 |
| 099 | _aLaw 12 1998 | ||
| 100 | 1 | _aSmit, Hans. | |
| 245 | 1 | 2 |
_aA chart comparing international commercial arbitration rules / _cH. Smit, V. Pechota. |
| 246 | 1 | 8 | _aCharts |
| 264 |
_a[Yonkers, N.Y.] : _bJuris Pub. ; _a[London] : _bSweet & Maxwell, _c1998. |
||
| 300 |
_aix, 160 pages ; _c26 cm. |
||
| 336 |
_atext _2rdacontent |
||
| 337 |
_aComputer _2rdamedia |
||
| 338 |
_aOnline Resource _2rdacarrier |
||
| 440 | 0 |
_aSmit's guides to international arbitration series, _x1050-3900 ; _vunit 3 |
|
| 650 | 0 | _aArbitration and award. | |
| 650 | 0 | _aInternational commercial arbitration. | |
| 700 | 1 | _aPěchota, Vratislav. | |
| 856 | 4 | 0 | _uhttps://fll.law.cu.edu.eg/fulltext/bks/ENGB12-00032.pdf |
| 905 | _a10 | ||
| 942 |
_2ddc _cBK _e21 _n0 |
||
| 999 |
_c64179 _d64179 |
||